ALTERNATÍVNE KONCEPCIE KOGENERAČNÉHO ZDROJA S GEOTERMÁLNOU PODPOROU

Bibliographic Details
Main Author: Böszörményi, László, 1951- (Author)
Format: Article
Language:Slovak
ISBN:8023201689 viaz

MARC

LEADER 00000naa a2200000uu 4500
001 vtls010964206
003 SK-MaSNL
005 20260302112808.0
008 210910|1998 xo |||||||||||||||||slo|
015 |a SNBRA 
035 |a (urnnbn)urn:nbn:sk:snk:ar-a0bufe 
035 |a (uuid)167f4ba2-0e05-49e0-83dc-ef3120a73de1 
035 |a urn:nbn:sk:snk-aaulwy 
040 |a SNKBUCL  |b slo  |c SNKBUCL  |e AACR2 
041 0 |a slo 
044 |a xo  |c SK 
100 1 |a Böszörményi, László,  |d 1951-  |4 aut  |9 208078 
245 1 0 |a ALTERNATÍVNE KONCEPCIE KOGENERAČNÉHO ZDROJA S GEOTERMÁLNOU PODPOROU  |c Ladislav Böszörményi 
773 0 |t Veda a výskum na začiatku 21. storočia v Slovenskej republike  |d Košice : Expo-Educ, C Press, 1998  |g S. 65-70  |z 8023201689 viaz 
958 |a OND 
958 |a article11 
958 |a chapter 
999 |c 1253404  |d 1255334